[Event "Women's Speed Chess Q6"]
[Site "chess.com INT"]
[Date "2021.06.05"]
[Round "5"]
[White "Buksa, Nataliya"]
[Black "Nemcova, Katerina"]
[Result "1-0"]
[WhiteTitle "IM"]
[BlackTitle "WGM"]
[WhiteElo "2413"]
[BlackElo "2331"]
[WhiteFideId "14123622"]
[BlackFideId "322750"]
[EventDate "2021.06.05"]

1. e4 d6 2. d4 Nf6 3. Nc3 g6 4. Bg5 Bg7 5. e5 dxe5 6. dxe5 Qxd1+ 7. Rxd1 Nfd7 8.
Nd5 Bxe5 9. f4 Bd6 10. Bxe7 Bxe7 11. Nxc7+ Kf8 12. Nxa8 Nc6 13. Nc7 Nc5 14. Nf3
Bf5 15. c3 Kg7 16. Nd5 Bd8 17. Bb5 Re8+ 18. Kd2 a6 19. Bxc6 bxc6 20. Nb4 Bc7 21.
g3 Ne4+ 22. Kc1 Nf2 23. Rhe1 Be4 24. Rd2 Bb6 25. Nd4 c5 26. Nd5 cxd4 27. Nxb6
dxc3 28. bxc3 Ng4 29. Rd4 f5 30. Nc4 Nf2 31. Ne5 Rb8 32. Rb4 Rc8 33. Kb2 Rc5 34.
Re2 Nd1+ 35. Kb3 Nxc3 36. Rd2 Nd1 37. Rxd1 Bc2+ 38. Ka3 Bxd1 39. Rb7+ Kg8 40.
Kb4 Rc2 41. Rd7 Rxa2 42. Rxd1 Rxh2 43. Kc5 Rg2 44. Rd3 a5 45. Kd6 Rb2 46. Ke6
Rb6+ 47. Ke7 Rb7+ 48. Kf6 Rb6+ 49. Kg5 a4 50. Kh6 Rb8 51. Ra3 1-0

[Event "Women's Speed Chess Q6"]
[Site "chess.com INT"]
[Date "2021.06.05"]
[Round "5"]
[White "Ambartsumova, Karina"]
[Black "Vantika, Agrawal"]
[Result "1-0"]
[WhiteTitle "IM"]
[BlackTitle "WIM"]
[WhiteElo "2382"]
[BlackElo "2286"]
[WhiteFideId "4166299"]
[BlackFideId "25050389"]
[EventDate "2021.06.05"]

1. c4 Nf6 2. Nf3 g6 3. g3 Bg7 4. Bg2 O-O 5. O-O d6 6. d4 c6 7. Nc3 Bf5 8. Ne1 d5
9. Nd3 dxc4 10. Ne5 Be6 11. e4 Nbd7 12. Nf3 Bg4 13. h3 Bxf3 14. Qxf3 e5 15. Be3
Qe7 16. Rad1 exd4 17. Bxd4 Ne5 18. Qe2 Nd3 19. b3 Rfd8 20. Be3 b5 21. bxc4 bxc4
22. Rb1 Nd7 23. Qc2 N7c5 24. Ne2 Nxe4 25. Qxc4 Nf6 26. Qxc6 Rac8 27. Qf3 Ne5 28.
Qb7 Rc7 29. Qa6 Nc4 30. Bf4 Qxe2 31. Bxc7 Re8 32. Bf4 h5 33. h4 Kh7 34. Rbc1 Nb2
35. Qxe2 Rxe2 36. Rc7 Kg8 37. Rxa7 Nd3 38. Ra8+ Kh7 39. Bg5 Ng4 40. Ra7 Kg8 41.
Bf3 Ngxf2 42. Bxe2 Nh3+ 43. Kg2 Bd4 44. Bxd3 Bxa7 45. Kxh3 Bd4 46. Bc4 Kg7 47.
Bxf7 1-0

[Event "Women's Speed Chess Q6"]
[Site "chess.com INT"]
[Date "2021.06.05"]
[Round "5"]
[White "Tokhirjonova, Gulrukhbegim"]
[Black "Vo, Thi Kim Phung"]
[Result "1/2-1/2"]
[WhiteTitle "WGM"]
[BlackTitle "WGM"]
[WhiteElo "2344"]
[BlackElo "2335"]
[WhiteFideId "14203626"]
[BlackFideId "12401838"]
[EventDate "2021.06.05"]

1. e4 e6 2. d4 d5 3. e5 c5 4. c3 Nc6 5. Nf3 Bd7 6. Be2 Nge7 7. Na3 cxd4 8. cxd4
Nf5 9. Nc2 Be7 10. Bd3 Rc8 11. O-O Qb6 12. Bxf5 exf5 13. a3 h6 14. b4 a5 15. Rb1
axb4 16. axb4 Be6 17. Nfe1 O-O 18. Nd3 Qd8 19. Be3 b6 20. Qd2 Kh7 21. Rfc1 Qd7
22. Na3 Na7 23. h3 Nb5 24. Nxb5 Qxb5 25. Nf4 Rxc1+ 26. Qxc1 Rc8 27. Qd1 Rc4 28.
Qe2 Qd7 29. b5 g5 30. Nxe6 Qxe6 31. g3 Qg6 32. Qd3 f6 33. Ra1 Rc7 34. Ra6 fxe5
35. dxe5 Bc5 36. Qxd5 Bxe3 37. fxe3 Rg7 38. Qc6 Qh5 39. Rxb6 Qxh3 40. Qg2 Qh5
41. e6 Rc7 42. Rb7 Rxb7 43. Qxb7+ Kg6 44. Qd5 Qe2 45. Qe5 Qe1+ 46. Kg2 Qe2+ 47.
Kg1 Qe1+ 48. Kh2 Qf2+ 49. Kh1 Qf1+ 50. Kh2 Qf2+ 51. Kh1 Qf1+ 52. Kh2 Qf2+ 1/2-1/2

[Event "Women's Speed Chess Q6"]
[Site "chess.com INT"]
[Date "2021.06.05"]
[Round "5"]
[White "Fronda, Jan Jodilyn"]
[Black "Balabayeva, Xeniya"]
[Result "0-1"]
[WhiteTitle "WIM"]
[BlackTitle "WFM"]
[WhiteElo "2152"]
[BlackElo "2116"]
[WhiteFideId "5204585"]
[BlackFideId "13719688"]
[EventDate "2021.06.05"]

1. d4 d5 2. Nf3 Nf6 3. Bf4 c5 4. c3 Nc6 5. Nbd2 Qb6 6. Qb3 c4 7. Qxb6 axb6 8. a3
b5 9. Rc1 Bf5 10. e3 e6 11. h3 h5 12. Be2 Be7 13. Kf1 Nd7 14. Rg1 h4 15. Bh2 Nb6
16. Ne1 Na4 17. b3 Nb6 18. a4 cxb3 19. Bxb5 b2 20. Rd1 Nxa4 21. Nb1 Ra5 22. Bd3
Bxd3+ 23. Nxd3 Rb5 24. Ke2 Na5 25. Ne5 Rh6 26. Rd2 f6 27. Nd3 Nc4 28. Rc2 Rb3
29. Rd1 Na3 30. Nxa3 Bxa3 31. Nxb2 Rxb2 32. Kd3 Rxc2 33. Kxc2 Bb2 34. Rb1 Kd7
35. Kb3 b5 36. Kb4 Rh8 37. Kb3 Rc8 38. Rxb2 Rxc3+ 39. Kb4 Rc4+ 40. Kxb5 Nxb2 41.
g4 hxg3 42. Bxg3 Nd3 43. h4 e5 44. dxe5 fxe5 45. h5 Kd6 46. f4 exf4 47. exf4
Rb4+ 48. Ka5 Kc5 49. f5 Rb1 50. Ka4 Kc4 51. Ka5 Nc5 52. Be5 Rb5# 0-1

[Event "Women's Speed Chess Q6"]
[Site "chess.com INT"]
[Date "2021.06.05"]
[Round "5"]
[White "Sviridova, Vlada"]
[Black "Chu, Ruotong"]
[Result "1-0"]
[WhiteTitle "WFM"]
[BlackTitle "WIM"]
[WhiteElo "2144"]
[BlackElo "2207"]
[WhiteFideId "24109606"]
[BlackFideId "8605653"]
[EventDate "2021.06.05"]

1. d4 d5 2. c4 dxc4 3. Nf3 Nf6 4. e3 e6 5. Bxc4 a6 6. O-O c5 7. b3 Nc6 8. Bb2
Be7 9. Nbd2 O-O 10. Be2 b5 11. a4 Rb8 12. axb5 axb5 13. dxc5 Bxc5 14. Rc1 Qb6
15. Bxf6 gxf6 16. Qc2 Bxe3 17. Qxc6 Qxc6 18. Rxc6 Bb7 19. Rc7 Bf4 20. Rc5 Rfd8
21. Rc2 e5 22. Nb1 Be4 23. Ra2 b4 24. Nfd2 Bd5 25. Nc4 Bxc4 26. Bxc4 Rd4 27. g3
Bh6 28. Kg2 Rbd8 29. f4 exf4 30. gxf4 Bxf4 31. Kf3 Be5 32. Rg1+ Kf8 33. Rag2
Rf4+ 34. Ke2 Ke7 35. Rg7 Rf8 36. Rd1 Re4+ 37. Kf3 Rf4+ 38. Kg2 Rh4 39. h3 Rh6
40. Rg4 Rg6 41. Rxg6 hxg6 42. Nd2 Ra8 43. Nf3 Ra2+ 44. Rd2 Rxd2+ 45. Nxd2 Bc3
46. Ne4 Bd4 47. Ng3 f5 48. Ne2 Kf6 49. Nxd4 1-0

[Event "Women's Speed Chess Q6"]
[Site "chess.com INT"]
[Date "2021.06.05"]
[Round "5"]
[White "Bommini, Mounika Akshaya"]
[Black "Gaponenko, Inna"]
[Result "1-0"]
[WhiteTitle "WFM"]
[BlackTitle "IM"]
[WhiteElo "2029"]
[BlackElo "2357"]
[WhiteFideId "25019872"]
[BlackFideId "14101181"]
[EventDate "2021.06.05"]

1. e4 g6 2. Nc3 Bg7 3. f4 d6 4. g3 c5 5. Bg2 Nc6 6. d3 e6 7. Nf3 Nge7 8. O-O O-O
9. Be3 Nd4 10. Qd2 b6 11. Nd1 Bb7 12. c3 Nxf3+ 13. Bxf3 f5 14. Nf2 d5 15. e5 Ba6
16. Nh3 d4 17. cxd4 cxd4 18. Bf2 Qd7 19. Bxa8 Rxa8 20. Qb4 Rd8 21. Rac1 Qd5 22.
Qb3 Bf8 23. Ng5 Qxb3 24. axb3 Bc8 25. Nf3 Nd5 26. Nxd4 Bd7 27. Rfd1 Kf7 28. Nc6
Ra8 29. Rc2 a5 30. Rdc1 Ke8 31. Nd4 Nb4 32. Rc7 Nxd3 33. R1c3 Nxf2 34. Kxf2 Bc5
35. Ke3 Kd8 36. R7xc5 bxc5 37. Rxc5 a4 38. b4 a3 39. bxa3 Rxa3+ 40. Kd2 Ra2+ 41.
Rc2 Ra4 42. Rb2 Kc7 43. Kd3 Kb6 44. Kc4 Ra1 45. Nb3 Rh1 46. Nc5 Bc8 47. Rd2 Rc1+
48. Kb3 Rb1+ 49. Kc2 Rxb4 50. Nb3 Rc4+ 51. Kb2 Rc6 52. Rd8 1-0

[Event "Women's Speed Chess Q6"]
[Site "chess.com INT"]
[Date "2021.06.05"]
[Round "5"]
[White "Agrest, Inna"]
[Black "Pourkashiyan, Atousa"]
[Result "1/2-1/2"]
[WhiteTitle "WIM"]
[BlackTitle "WGM"]
[WhiteElo "2285"]
[BlackElo "2322"]
[WhiteFideId "1708830"]
[BlackFideId "12502014"]
[EventDate "2021.06.05"]

1. e4 c5 2. Nf3 e6 3. d4 cxd4 4. Nxd4 a6 5. Bd3 Bc5 6. Nb3 Be7 7. Qg4 g6 8. Qe2
d6 9. O-O Nc6 10. a4 Qc7 11. a5 Ne5 12. Be3 Nf6 13. Nc3 O-O 14. Na4 Bd7 15. Nb6
Rad8 16. h3 Bc6 17. Bd4 Ned7 18. Qe3 e5 19. Bc3 Nh5 20. Rfe1 Nf4 21. Bf1 Nxb6
22. axb6 Qc8 23. Na5 Bg5 24. Qg3 Bh6 25. Qh4 Bg7 26. Bd2 Ne6 27. c3 f5 28. Bc4
Rde8 29. b4 Kh8 30. Nxc6 Qxc6 31. Bd5 Qxb6 32. Be3 Qc7 33. Rac1 f4 34. Bd2 f3
35. g3 Qd7 36. Qg4 Re7 37. h4 Nc7 38. Qxd7 Rxd7 39. Bxb7 Rb8 40. Bc6 Rdd8 41.
Be3 Nb5 42. Red1 Bf8 43. Bd5 Kg7 44. Kf1 Kf6 45. Kg1 Kg7 46. Kf1 Rbc8 47. Ke1
Rxc3 48. Rxc3 Nxc3 49. Rc1 Nxd5 50. exd5 Rb8 51. Rc7+ Kg8 52. Ra7 Rxb4 53. Rxa6
Rb5 54. Ra8 Kf7 55. Ra7+ Kg8 56. Ra8 Kf7 57. Ra7+ Ke8 58. Ra8+ Ke7 59. Ra7+ Ke8
60. Ra8+ Kf7 1/2-1/2

[Event "Women's Speed Chess Q6"]
[Site "chess.com INT"]
[Date "2021.06.05"]
[Round "5"]
[White "Linares Napoles, Oleiny"]
[Black "Bodnaruk, Anastasia"]
[Result "1/2-1/2"]
[WhiteTitle "WGM"]
[BlackTitle "IM"]
[WhiteElo "2255"]
[BlackElo "2446"]
[WhiteFideId "3504794"]
[BlackFideId "4181751"]
[EventDate "2021.06.05"]

1. d4 Nf6 2. Bf4 g6 3. Nc3 d5 4. e3 Bg7 5. Be2 O-O 6. h4 h5 7. Nf3 c5 8. Qd2 Nc6
9. dxc5 Ne4 10. Nxe4 dxe4 11. Nd4 Nxd4 12. exd4 Qxd4 13. c3 Qxc5 14. Bh6 Be6 15.
Bxg7 Kxg7 16. Qf4 Qc6 17. O-O Rad8 18. a4 a6 19. a5 f6 20. Rfd1 Bb3 21. Rxd8
Rxd8 22. Qg3 Qc5 23. Ra3 Bc2 24. b4 Qd6 25. Qe3 Bd3 26. c4 Qxb4 27. Ra1 Qxc4 28.
Bd1 Qd4 29. Qc1 Rd7 30. Ra3 f5 31. Ba4 Rd8 32. Qg5 Qf6 33. Qf4 e5 34. Qe3 f4 35.
Qc5 Qd6 36. Qc3 Qd4 37. Qc7+ Kh6 38. Qe7 Qd6 39. Qg5+ Kg7 40. Rb3 Bb5 41. Bxb5
axb5 42. Rxb5 Rd7 43. Rxe5 e3 44. fxe3 fxe3 45. Rxe3 Qd4 46. Kh2 Qd6+ 47. Kh3
Rf7 48. Qe5+ Qxe5 49. Rxe5 Rc7 50. Rb5 Kf6 51. Kg3 Rd7 52. Kf4 Rd4+ 53. Kf3 Ra4
54. Rb6+ Kf5 55. Rb5+ Kf6 56. g3 Ke6 57. Rb6+ Kf5 58. Rxb7 Rxa5 59. Rb3 Ra4 60.
Rc3 Kf6 61. Rd3 Kf5 62. Re3 Kf6 63. Rd3 Kf5 64. Rc3 Kf6 65. Rb3 Kf5 66. Rc3 1/2-1/2

[Event "Women's Speed Chess Q6"]
[Site "chess.com INT"]
[Date "2021.06.05"]
[Round "5"]
[White "Priyanka, K"]
[Black "Torres Hernandez, Leslie Carolin"]
[Result "1-0"]
[WhiteTitle "WIM"]
[BlackTitle "WFM"]
[WhiteElo "2218"]
[BlackElo "1884"]
[WhiteFideId "5082986"]
[BlackFideId "8400504"]
[EventDate "2021.06.05"]

1. e4 c6 2. Nc3 d5 3. Nf3 dxe4 4. Nxe4 Nd7 5. Bc4 Ngf6 6. Neg5 e6 7. Qe2 Nb6 8.
Ne5 Nxc4 9. Qxc4 Be7 10. Nexf7 Qd5 11. Qxd5 Nxd5 12. d4 O-O 13. Ne5 Nb4 14. O-O
Nxc2 15. Rb1 Nxd4 16. Be3 Nf5 17. Ne4 Nxe3 18. fxe3 Rf5 19. Nc4 e5 20. Rxf5 Bxf5
21. Ncd2 Rd8 22. Rf1 Bg6 23. Rf2 Rd3 24. Re2 Bd8 25. Nf2 Rd5 26. Nf3 Bb6 27. h4
e4 28. Nd2 Bh5 29. g4 Bg6 30. h5 Bf7 31. Nfxe4 Rd3 32. Kf2 Bxa2 33. Nc3 Be6 34.
Kf3 g6 35. Ke4 Rd8 36. hxg6 hxg6 37. Kf3 Kg7 38. Nde4 Rf8+ 39. Kg3 Rd8 40. g5
Bf5 41. Nf6 Rd3 42. Kf4 Rd8 43. e4 Bc7+ 44. Kf3 Be6 45. e5 Rd4 46. Re4 Rxe4 47.
Kxe4 Bf5+ 48. Kf4 b6 49. Nce4 c5 50. Nd6 a6 51. Nxf5+ gxf5 52. Kxf5 b5 53. Nd5
Bd8 54. e6 Kf8 55. g6 c4 56. Ke5 b4 57. Nxb4 1-0

[Event "Women's Speed Chess Q6"]
[Site "chess.com INT"]
[Date "2021.06.05"]
[Round "5"]
[White "Singgih, Diajeng Theresa"]
[Black "Smietanska, Wiktoria"]
[Result "1-0"]
[WhiteTitle "WFM"]
[BlackTitle "CM"]
[WhiteElo "1972"]
[BlackElo "1802"]
[WhiteFideId "7104391"]
[BlackFideId "21869359"]
[EventDate "2021.06.05"]

1. e4 c5 2. Nf3 d6 3. d4 cxd4 4. Nxd4 Nf6 5. Nc3 a6 6. Bc4 e6 7. Bb3 Nbd7 8. Kf1
Nc5 9. Qe2 Be7 10. g3 O-O 11. Kg2 b5 12. a3 Bb7 13. f3 Rc8 14. Ba2 Qb6 15. Be3
Qc7 16. Rad1 Rfd8 17. h4 d5 18. exd5 Nxd5 19. Bxd5 Bxd5 20. Nxd5 Rxd5 21. h5 h6
22. Bf4 Bd6 23. b4 Na4 24. Nxe6 Qxc2 25. Qxc2 Rxc2+ 26. Kh3 Rxh5+ 27. Kg4 Rxh1
28. Rxh1 Bxf4 29. Nxf4 Rc3 30. Rd1 Rxa3 31. Rd6 Nc3 32. Nd3 a5 33. bxa5 Rxa5 34.
Ne5 Ra4+ 35. Kf5 Ra8 36. Rd7 Rf8 37. Nc6 g6+ 38. Kf6 Re8 39. Nd8 Re3 40. Nxf7
Rxf3+ 41. Ke6 Re3+ 42. Kf6 Ne4+ 43. Kxg6 Rxg3+ 44. Kxh6 Rh3+ 45. Kg6 Rg3+ 46.
Kf5 Nc5 47. Rc7 Nd3 48. Nh6+ Kf8 49. Kf6 Rf3+ 50. Nf5 Ke8 51. Re7+ Kd8 52. Rb7
b4 53. Rb5 Kc7 54. Ke6 Kc6 55. Rb8 Kc5 56. Rc8+ Kb5 57. Nd4+ Ka4 58. Ra8# 1-0

[Event "Women's Speed Chess Q6"]
[Site "chess.com INT"]
[Date "2021.06.05"]
[Round "5"]
[White "Mohota, Nisha"]
[Black "Petrova, Irina"]
[Result "0-1"]
[WhiteTitle "IM"]
[BlackTitle "WIM"]
[WhiteElo "2195"]
[BlackElo "2110"]
[WhiteFideId "5004330"]
[BlackFideId "14124122"]
[EventDate "2021.06.05"]

1. b3 d6 2. Bb2 e5 3. c4 g6 4. e3 Bg7 5. Nf3 f5 6. d4 e4 7. Nfd2 Nf6 8. Nc3 O-O
9. Qc2 c6 10. Be2 Na6 11. a3 Nc7 12. O-O-O Bd7 13. f3 d5 14. Kb1 b5 15. cxb5
cxb5 16. fxe4 dxe4 17. h3 a5 18. Rc1 b4 19. axb4 axb4 20. Ncxe4 Ncd5 21. Nxf6+
Nxf6 22. Qc4+ Kh8 23. Qxb4 Qe8 24. Bf3 Rb8 25. Qc3 Ne4 26. Bxe4 fxe4 27. Rhf1
Rxf1 28. Rxf1 Bb5 29. Rf4 Bd3+ 30. Ka2 Ra8+ 31. Ba3 Qe7 32. b4 Qe6+ 33. Kb2 Rc8
34. Qb3 Rc2+ 35. Ka1 Qc8 36. Rf2 Rc3 37. Qb2 Rc2 38. Qb3 Rc3 39. Qb2 h5 40. Ka2
Rc2 41. Nb3 Rxb2+ 42. Rxb2 Bc4 43. Ka1 Bxb3 44. Rxb3 Qc2 45. Rb2 Qc1+ 46. Ka2
Qxe3 47. Rc2 Qxd4 48. Bb2 Qa7+ 49. Kb1 Bxb2 50. Kxb2 e3 51. Kc1 Qd4 52. Re2 Qa1+
53. Kc2 Qd4 54. Kb3 Qd3+ 55. Ka4 Qxe2 56. b5 Qa2+ 57. Kb4 e2 58. Kc5 e1=Q 59. b6
Qc1+ 60. Kd6 Qaa3+ 61. Kd7 Qd2+ 62. Kc8 Qdc3+ 63. Kb7 Qcc5 64. g4 Qaa5 65. gxh5
Qaxb6+ 66. Ka8 Qa7# 0-1

[Event "Women's Speed Chess Q6"]
[Site "chess.com INT"]
[Date "2021.06.05"]
[Round "5"]
[White "Arpita, Mukherjee"]
[Black "Mendoza, Shania Mae"]
[Result "1/2-1/2"]
[WhiteTitle "WIM"]
[BlackTitle "WFM"]
[WhiteElo "2206"]
[BlackElo "2158"]
[WhiteFideId "5056403"]
[BlackFideId "5211158"]
[EventDate "2021.06.05"]

1. e4 e5 2. Nf3 Nc6 3. Bb5 Nf6 4. d3 d6 5. O-O Be7 6. c3 O-O 7. Nbd2 Nb8 8. d4
c6 9. Ba4 Nbd7 10. Bc2 Re8 11. a4 Bf8 12. Re1 h6 13. Nf1 g6 14. Ng3 Bg7 15. h3
Qc7 16. a5 Nf8 17. Ba4 Bd7 18. Bb3 Ne6 19. Be3 Nf4 20. Qd2 g5 21. a6 b6 22. dxe5
dxe5 23. Rad1 Rad8 24. Qd6 Qc8 25. Nxe5 Bxh3 26. Nxf7 Be6 27. Nxd8 Bxb3 28. Rd2
Qg4 29. Bxf4 gxf4 30. Nf5 Nxe4 31. Qd7 Rf8 32. Qxg7+ Qxg7 33. Nxg7 Nxd2 34. Nde6
Bxe6 35. Nxe6 Re8 36. Rd1 Rxe6 37. Rxd2 Re7 38. Rd4 Rf7 39. f3 Kg7 40. Kf2 c5
41. Rd6 Rf6 42. Rd7+ Rf7 43. Rd8 Rf8 44. Rd5 Rf7 45. Ke2 Re7+ 46. Kd3 Kf6 47.
Rd6+ Kg5 48. Rd8 h5 49. Rb8 Kh4 50. Rb7 Re3+ 51. Kc4 Kg3 52. Rxa7 Kxg2 53. Rg7+
Kxf3 54. a7 Re8 55. Rb7 Ra8 56. Kb5 h4 57. Kxb6 h3 58. Rb8 Rxa7 59. Kxa7 h2 60.
Rh8 Kg2 61. b4 cxb4 62. cxb4 f3 63. b5 f2 64. Rg8+ Kf1 65. Rh8 Kg1 66. Rg8+ Kf1
67. Rh8 Kg1 68. Rg8+ Kf1 1/2-1/2

[Event "Women's Speed Chess Q6"]
[Site "chess.com INT"]
[Date "2021.06.05"]
[Round "5"]
[White "Nandhidhaa, P V"]
[Black "Golubeva, Oksana"]
[Result "1-0"]
[WhiteTitle "WGM"]
[BlackTitle "WFM"]
[WhiteElo "2365"]
[BlackElo "2179"]
[WhiteFideId "5050847"]
[BlackFideId "4170164"]
[EventDate "2021.06.05"]

1. e4 e6 2. d4 d5 3. Bd3 Nf6 4. e5 Nfd7 5. Ne2 c5 6. c3 Nc6 7. O-O Qb6 8. Bc2
Be7 9. a3 f6 10. exf6 Bxf6 11. dxc5 Qxc5 12. Be3 Qd6 13. Nd2 O-O 14. Ne4 Qe7 15.
Nxf6+ gxf6 16. f4 Kh8 17. Ng3 Qf7 18. f5 Nde5 19. fxe6 Bxe6 20. Bd4 Rac8 21. Qd2
Nc4 22. Qh6 Nxd4 23. cxd4 Rc7 24. Bxh7 Qg7 25. Qxg7+ Kxg7 26. Bf5 Re8 27. Bxe6
Rxe6 28. Rac1 Rec6 29. Nf5+ Kg6 30. Rc2 a5 31. a4 Nb6 32. Rxc6 bxc6 33. b3 Nc8
34. g4 Rb7 35. Rf3 Rb4 36. Rc3 Na7 37. Kf2 Kg5 38. Kg3 Rb8 39. h4+ Kg6 40. Kf4
Re8 41. h5+ Kh7 42. Re3 Rxe3 43. Kxe3 Nc8 44. Kf4 Nb6 45. Ne7 Nd7 46. Kf5 Kg7
47. Nxc6 Kf7 48. Nxa5 Nf8 49. Nc6 Ne6 50. a5 Ng7+ 51. Kf4 Ne6+ 52. Kf3 Nc7 53.
b4 Ke6 54. h6 Kf7 55. Kf4 Kg6 56. h7 Kxh7 57. Kf5 Kg7 58. Na7 Nb5 59. Nxb5 Kf7
60. a6 Ke8 61. a7 Kd7 62. a8=Q Ke7 63. Qb7+ Ke8 64. Ke6 Kf8 65. Qf7# 1-0

[Event "Women's Speed Chess Q6"]
[Site "chess.com INT"]
[Date "2021.06.05"]
[Round "5"]
[White "Dong, Khanh Linh"]
[Black "Soumya, Swaminathan"]
[Result "0-1"]
[WhiteTitle "WCM"]
[BlackTitle "IM"]
[WhiteElo "1970"]
[BlackElo "2351"]
[WhiteFideId "12403040"]
[BlackFideId "5016193"]
[EventDate "2021.06.05"]

1. e4 c5 2. Nf3 Nc6 3. d4 cxd4 4. Nxd4 Nf6 5. Nc3 d6 6. Be2 e5 7. Nb3 Be7 8. O-O
O-O 9. f4 a5 10. fxe5 Nxe5 11. Nd4 d5 12. exd5 Nxd5 13. Nxd5 Qxd5 14. Nf5 Bc5+
15. Kh1 Qxd1 16. Bxd1 Rd8 17. Be3 Bxe3 18. Nxe3 Be6 19. Rf2 Ra6 20. Bf3 Nxf3 21.
Rxf3 Rad6 22. Raf1 b5 23. a3 Rd2 24. R3f2 f6 25. h3 b4 26. axb4 axb4 27. Kg1
Rxf2 28. Rxf2 Rd4 29. g4 Re4 30. Rf3 Kf7 31. Kf2 h5 32. gxh5 Rh4 33. Ng2 Rxh5
34. Nf4 Rc5 35. Nxe6 Rxc2+ 36. Kg3 Kxe6 37. Rb3 Rc4 38. Re3+ Kf5 39. Rd3 g5 40.
Rd5+ Ke4 41. Rb5 Kd3 42. Rb6 Kc2 43. Rxf6 Kxb2 44. Rb6 b3 45. Rb5 Kc2 46. Rxg5
b2 47. Rb5 Rc3+ 48. Kg4 Rb3 49. Rc5+ Kd3 50. Rd5+ Ke2 51. Re5+ Kf2 52. Rf5+ Kg2
53. Kg5 b1=Q 54. h4 Qc1+ 55. Kg6 Rg3+ 56. Kf6 Qc6+ 57. Kf7 Qd7+ 58. Kf6 Qg7+ 59.
Ke6 Re3+ 60. Kd5 Qd7+ 61. Kc4 Qxf5 0-1

[Event "Women's Speed Chess Q6"]
[Site "chess.com INT"]
[Date "2021.06.05"]
[Round "5"]
[White "Corrales Jimenez, Zenia"]
[Black "Pandey, Srishti"]
[Result "1-0"]
[WhiteTitle "WIM"]
[BlackTitle "WFM"]
[WhiteElo "2189"]
[BlackElo "2026"]
[WhiteFideId "3506355"]
[BlackFideId "35093290"]
[EventDate "2021.06.05"]

1. e4 e6 2. d4 d5 3. Bd3 c5 4. exd5 exd5 5. Nf3 c4 6. Be2 Be7 7. O-O Nf6 8. b3
cxb3 9. axb3 O-O 10. c4 Nc6 11. c5 b6 12. Ne5 Bb7 13. Nxc6 Bxc6 14. b4 bxc5 15.
bxc5 Qd7 16. Nc3 Ne4 17. Nxe4 dxe4 18. Be3 Bf6 19. Qc2 Rfd8 20. Rfd1 Qf5 21. h3
Bd5 22. Bg4 Qg6 23. c6 h5 24. c7 hxg4 25. cxd8=Q+ Rxd8 26. hxg4 Qxg4 27. Qc7 a6
28. Qf4 Qe6 29. g3 Bc4 30. Rd2 Rd5 31. g4 Bg5 32. Qg3 Bxe3 33. fxe3 Rg5 34. Rg2
g6 35. Qb8+ Kg7 36. Qf4 Qe7 37. Rc1 Bd5 38. Rc7 Qd8 39. Rd7 Qf6 40. Qxf6+ Kxf6
41. Rd6+ Ke7 42. Rb6 Bc4 43. Kh2 Ra5 44. Rb7+ Kd6 45. Kg3 Ra3 46. Kf4 f6 47.
Rb6+ Ke7 48. Kxe4 Bb5 49. Rd2 Ra1 50. d5 Rf1 51. d6+ Kd7 52. Rb7+ Kc8 53. Rc7+
Kd8 54. Rh7 f5+ 55. gxf5 gxf5+ 56. Ke5 Rf3 57. Rg2 Rxe3+ 58. Kf6 Rd3 59. Rg8+
Be8 60. Rhh8 Rxd6+ 61. Ke5 Kc7 62. Rxe8 Rb6 63. Re7+ Kc6 64. Re6+ Kb5 65. Rxb6+
Kxb6 66. Kxf5 Kb5 67. Ke4 a5 68. Kd3 Kb4 69. Kc2 Ka3 70. Kb1 a4 71. Rh3+ Kb4 72.
Ka2 a3 73. Rh4+ 1-0

[Event "Women's Speed Chess Q6"]
[Site "chess.com INT"]
[Date "2021.06.05"]
[Round "5"]
[White "Ziegenfuss, Antonia"]
[Black "Nguyen, Hong Ngoc"]
[Result "0-1"]
[WhiteTitle "WFM"]
[BlackTitle "WCM"]
[WhiteElo "2157"]
[BlackElo "1957"]
[WhiteFideId "12962554"]
[BlackFideId "12403083"]
[EventDate "2021.06.05"]

1. d4 d5 2. c4 c6 3. Nc3 Nf6 4. cxd5 cxd5 5. f3 Nc6 6. e4 dxe4 7. d5 Ne5 8. fxe4
e6 9. Nf3 Nxf3+ 10. Qxf3 Bb4 11. Bg5 exd5 12. e5 Qe7 13. O-O-O Qxe5 14. Bb5+ Kf8
15. Bxf6 Qxf6 16. Qxf6 gxf6 17. Nxd5 Bc5 18. Nc7 Rb8 19. Rhe1 Bf5 20. Rd5 Bb4
21. Red1 Bg6 22. Rd8+ Kg7 23. Ne8+ Rxe8 24. Bxe8 Rxd8 25. Rxd8 Ba5 26. Rd7 Kf8
27. Rd5 Bb6 28. Bb5 Be4 29. Rd1 Bxg2 30. Bf1 Bf3 31. Re1 Bg1 32. Be2 Be3+ 33.
Kc2 Bc6 34. Bd3 Bf2 35. Re2 Bd4 36. Bxh7 Kg7 37. Bd3 Be5 38. h4 Bf3 39. Rf2 Bc6
40. Rf1 Bd4 41. Re1 Bf2 42. Rf1 Bxh4 43. a3 a5 44. b4 axb4 45. axb4 Bg5 46. b5
Bd5 47. Rf5 Be6 48. Rf2 Kf8 49. Be4 b6 50. Kc3 Ke7 51. Kb4 Be3 52. Re2 Bc5+ 53.
Kc3 Kd6 54. Bc6 f5 55. Kd3 f4 56. Be4 Bd7 57. Kc4 Be6+ 58. Kd3 Bd7 59. Kc4 f5
60. Bf3 Be6+ 61. Kd3 Bb3 62. Rb2 Be6 63. Re2 Bd7 64. Kc4 Be3 65. Rh2 Be6+ 66.
Kd3 Kc5 67. Rh6 Bc4+ 68. Kc3 Bxb5 69. Rh5 Bd4+ 70. Kc2 Bd7 71. Be4 Kc4 72. Bxf5
Ba4+ 73. Kc1 f3 74. Be6+ Kc3 75. Rf5 f2 76. Ba2 Be3+ 77. Kb1 Bc2+ 78. Ka1 Bxf5
79. Bb1 0-1

[Event "Women's Speed Chess Q6"]
[Site "chess.com INT"]
[Date "2021.06.05"]
[Round "5"]
[White "Gevorgyan, Maria"]
[Black "Kanyamarala, Trisha"]
[Result "0-1"]
[WhiteTitle "WGM"]
[BlackTitle "WIM"]
[WhiteElo "2219"]
[BlackElo "2180"]
[WhiteFideId "13300270"]
[BlackFideId "45004722"]
[EventDate "2021.06.05"]

1. e4 c5 2. Nc3 Nc6 3. Bb5 Nd4 4. Bc4 d6 5. Nf3 Nc6 6. d3 Nf6 7. h3 e6 8. O-O d5
9. exd5 exd5 10. Re1+ Be7 11. Bb3 d4 12. Ne4 O-O 13. Nxf6+ Bxf6 14. Bf4 Bf5 15.
Qd2 h6 16. Re2 Na5 17. Ba4 a6 18. Qe1 b5 19. Bd2 Nc6 20. Bb3 Qd7 21. a4 Rab8 22.
axb5 axb5 23. Bf4 Ra8 24. Ne5 Bxe5 25. Bxe5 Rxa1 26. Qxa1 Re8 27. Qe1 Qe7 28. f4
c4 29. dxc4 Qc5 30. Kh2 bxc4 31. Ba4 d3 32. cxd3 cxd3 33. Rd2 Re7 34. Bxc6 Qxc6
35. Qg3 g6 36. Qh4 Qe6 37. Qxh6 f6 38. Bc3 Rh7 39. Qxh7+ Kxh7 40. Rd1 Qd6 41.
Kg3 Kg7 42. Ra1 g5 43. Bd2 Kg6 44. Kf3 Qd5+ 45. Kf2 Qd4+ 46. Ke1 Qxb2 47. Ra6
Qb1+ 48. Kf2 Qc2 49. Ke3 Qc5+ 50. Kf3 Qd5+ 51. Ke3 gxf4+ 52. Kxf4 Qe4+ 53. Kg3
Qe2 54. Bc3 Qe3+ 55. Kh2 d2 56. Rxf6+ Kg5 57. h4+ Kg4 58. Rf8 d1=Q 59. Rg8+ Kh5
60. Rh8+ Kg6 61. Rg8+ Kf7 62. Rg7+ Kf8 63. Bf6 Qf4+ 64. Rg3 Qxg3+ 65. Kxg3 Qg4+
66. Kf2 Kf7 67. Bg5 Be4 68. g3 Qf3+ 69. Ke1 Qxg3+ 70. Kd2 Qg4 71. Kc3 Bf5 72.
Kd2 Ke6 73. Ke3 Kd5 74. Kf2 Ke4 75. Ke1 Qg3+ 76. Ke2 Bg4+ 77. Kd2 Qf2+ 78. Kc3
Qe1+ 79. Kc4 Qe2+ 80. Kc5 Ke5 81. Kc6 Qc2+ 82. Kb5 Kd5 83. Kb4 Qc4+ 84. Ka3 Qb5
85. Ka2 Bd1 86. Bf6 Kc4 87. Ka1 Qa4+ 88. Kb1 Qc2+ 89. Ka1 Kb3 90. Bg5 Qa2# 0-1